00935cam a2200253 a 4500001000500000005001700005020001800022040002300040050001900063082000800082100002000090245011100110260003500221300005300256490001600309505000800325520018100333521002000514521002000534650004500554650004400599650001400643650002400657309420250122151128.0 a9780590457514 aDLCcDLCdDLCbeng00aTL659.H5b199300a3031 aTanaka, Shelley14aThe disaster of the Hindenburg :bthe last flight of the greatest airship ever built /cby Shelley Tanaka. aNew York :bScholastic ,c1993 a64 pages :bcolor illustrations , maps ,c29 cm. a Time Quest aZ  aDescribes the last voyage of the zeppelin, or airship, Hindenburg, which crashed in flames on a New Jersey airfield in 1937, and examines some possible causes for the disaster. a940 bLexile  aZ bRaz-Plus  0aAircraft accidentsxJuvenile literature. 0aAirshipszGermanyvJuvenile literature. 1aAirships. 1aAircraft accidents.